Metafory diplomacie

Bibliographic Details
Main Author: Šebej, František, 1947- (Author)
Format: Article
Language:Slovak
PhysicalDescription:Fotogr., obr.
ISSN:1336-5932
Subjects:

MARC

LEADER 00000nab a2200000 a 4500
001 vtls008942014
003 SK-MaSNL
005 20260303070854.0
008 140515c2007 xo wr|p|||||||000 b|slo
015 |a SNBRB2007/02  |2 snkbucl 
040 |a SNKBUCL  |b slo  |c SNKBUCL  |e AACR2 
041 0 |a slo 
044 |a xo  |c SK 
080 |a 341.7  |2 2001 
080 |a 005.57  |2 2001 
080 |a 316.772  |2 2001 
100 1 |a Šebej, František,  |d 1947-  |4 aut  |9 103179 
245 1 0 |a Metafory diplomacie  |c František Šebej 
300 |b Fotogr., obr. 
650 0 7 |a diplomacia  |x metafory  |2 snkbucl  |9 1068855 
650 0 7 |a komunikácia  |2 snkbucl  |9 1362 
655 7 |a kritiky  |2 snkbucl  |9 28608 
773 0 |t Týždeň  |g Roč. III [IV], č. 5 (2007), s. 47-51  |x 1336-5932 
852 |a SNK  |b KIS3GCP 
999 |c 1757331  |d 1759261